| 000 | 02348cam a22004814i 4500 | ||
|---|---|---|---|
| 003 | PE-LiUPU | ||
| 005 | 20250731172803.0 | ||
| 008 | 150617s1951 ag r 000 0 spa d | ||
| 035 | _a(Sirsi) a13157 | ||
| 040 |
_aPE-LiUPU _bspa _cPE-LiUPU _erda |
||
| 049 | _aPRUA | ||
| 082 | 0 | 4 |
_a236 _bH224a _22da Edición |
| 100 | 1 |
_aHammerly Dupuy, Daniel, _d1907-1972, _eautor. |
|
| 245 | 1 | 0 |
_aAspectos de la edad atómica / _cDaniel Hammerly Dupuy. |
| 264 | 1 |
_aBuenos Aires : _bCasa Editora Sudamericana, _c1951. |
|
| 300 |
_a232 páginas ; _c19 centímetros |
||
| 336 |
_atext _2rdacontent |
||
| 337 |
_aunmediated _2rdamedia |
||
| 338 |
_avolume _2rdacarrier |
||
| 505 | 0 | _aLa edad atómica en el panorama histórico: Discusiones referentes a la edad atómica -- La bomba atómica y la paz por el miedo. La responsabilidad de América en la edad atómica -- Los forjadores de la edad atómica frente a la humanidad -- La humanidad frente al control atómico: Desde las ametralladoras hasta el control atómico -- Recuerdos aleccionadores de Hiroshima y Nagasaki -- Las promesas de la tecnocracia ante la conciencia. ¿Preparativos para una futura guerra mundial? -- La Providencia en la edad atómica: Optimismo y pesimismo frente a las ruinas -- El gran desfile de los imperios -- La Providencia en la historia -- La esperanza suprema de la humanidad -- La esperanza para un mundo convulsionado: ¿Se han inaugurado mil años de paz y seguridad? | |
| 526 | _aSEG42 | ||
| 526 | _aSEG41 | ||
| 526 | _aSEG40 | ||
| 526 | _aSEG39 | ||
| 526 | _aP94 | ||
| 526 | _aP87 | ||
| 526 | _aP86 | ||
| 526 | _aP85 | ||
| 526 | _aP77 | ||
| 526 | _aP76 | ||
| 526 | _aP35 | ||
| 650 | 1 | 4 |
_aEscatología. _95923 |
| 650 | 2 | 4 | _aFin del mundo. |
| 910 | _ajck | ||
| 942 |
_2ddc _cBOOK |
||
| 949 |
_a226 H17 _wDEWEY _c1 _i02868 _lCCODEBUL1 _mBUL _p00.00 _r0 _sY _tBOOK _u2015-04-22 _xTEOLOGIA _0COMPRA _o.STAFF. Colección General |
||
| 949 |
_a226 H17 _wDEWEY _c2 _i18270 _lCCODEBUL1 _mBUL _p00.00 _r0 _sY _tBOOK _u2015-04-22 _xTEOLOGIA _0COMPRA _o.STAFF. Colección General |
||
| 949 |
_a226 H17 _wDEWEY _c3 _i04397 _lCCODEBUL1 _mBUL _p00.00 _r0 _sY _tBOOK _u2015-04-22 _xTEOLOGIA _0COMPRA _o.STAFF. Colección General |
||
| 999 |
_c3495 _d3495 |
||
| 980 |
_81 _gALBERTO SANCHEZ Responsable de Automatización |
||